Detalles MARC
| 000 -CABECERA |
| campo de control de longitud fija |
00998nam a2200241 a 4500 |
| 001 - NÚMERO DE CONTROL |
| campo de control |
000045664 |
| 005 - FECHA Y HORA DE LA ÚLTIMA TRANSACCIÓN |
| campo de control |
20201002052357.0 |
| 008 - DATOS DE LONGITUD FIJA--INFORMACIÓN GENERAL |
| campo de control de longitud fija |
150422s2004 dr a 000 0 spa d |
| 020 ## - NÚMERO INTERNACIONAL ESTÁNDAR DEL LIBRO |
| Número Internacional Estándar del Libro |
9993423599 |
| 040 ## - FUENTE DE LA CATALOGACIÓN |
| Centro catalogador/agencia de origen |
DO-SdBNP |
| Lengua de catalogación |
spa |
| Centro/agencia transcriptor |
BNPHU |
| 082 ## - NÚMERO DE LA CLASIFICACIÓN DECIMAL DEWEY |
| Número de clasificación |
xxxx |
| Número de documento/Ítem |
xxxx |
| 100 1# - ENTRADA PRINCIPAL--NOMBRE DE PERSONA |
| Nombre de persona |
Guzmán de Camacho, Ana Dolores |
| 9 (RLIN) |
12351 |
| 245 10 - MENCIÓN DE TÍTULO |
| Título |
Orientaciones didácticas para el proceso enseñanza-aprendizaje / |
| Mención de responsabilidad, etc. |
Ana Dolores Guzmán de Camacho, Milagros Concepción Calderón ; presentacion ; Josefina Mercedes de Costes. |
| 250 ## - MENCIÓN DE EDICIÓN |
| Mención de edición |
2a ed. (revisada y ampliada) |
| 260 ## - PUBLICACIÓN, DISTRIBUCIÓN, ETC. |
| Lugar de publicación, distribución, etc. |
Santo Domingo : |
| Nombre del editor, distribuidor, etc. |
Amigo del Hogar, |
| Fecha de publicación, distribución, etc. |
2004. |
| 300 ## - DESCRIPCIÓN FÍSICA |
| Extensión |
241 p. : |
| Otras características físicas |
il., retrs. ; |
| Dimensiones |
23 cm. |
| 590 ## - NOTA LOCAL (RLIN) |
| Nota local |
Inventariado, 2018/ YL |
| 500 ## - NOTA GENERAL |
| Nota general |
Incluye datos biográficos de las autoras en la contracubierta. |
| 500 ## - NOTA GENERAL |
| Nota general |
Perteneció a la biblioteca personal de Erick Landestoy. |
| 504 ## - NOTA DE BIBLIOGRAFÍA, ETC. |
| Nota de bibliografía, etc. |
Bibliografía : p. 235-240 |
| 700 12 - PUNTO DE ACCESO ADICIONAL--NOMBRE DE PERSONA |
| Nombre de persona |
Costes, Josefina Mercedes de, |
| Término indicativo de función/relación |
pres. |
| 9 (RLIN) |
73725 |
| 700 12 - PUNTO DE ACCESO ADICIONAL--NOMBRE DE PERSONA |
| Nombre de persona |
Concepción Calderón, Milagros |
| 9 (RLIN) |
12354 |